Code des plaques d'immatriculations de l'UE - Statistiques

Statistiques générales
  • Ce quiz a été pris 375 fois
  • Le résultat moyen est 23 sur 27
Statistiques - réponses
Hint Réponse % Correct
B Belgique
98%
EST Estonie
98%
FIN Finlande
98%
F France
98%
IRL Irlande
96%
DK Danemark
95%
E Espagne
95%
H Hongrie
95%
PL Pologne
95%
SLO Slovénie
94%
BG Bulgarie
93%
I Italie
92%
LT Lituanie
92%
RO Roumanie
92%
D Allemagne
89%
NL Pays-Bas
89%
P Portugal
89%
CZ République Tchèque
89%
SK Slovaquie
88%
A Autriche
84%
S Suède
78%
GR Grèce
75%
L Luxembourg
75%
CY Chypre
72%
LV Lettonie
72%
M Malte
58%
HR Croatie
46%
Aucun quiz correspondant
Distribution des résultats
% des personnes avec chaque résultat
Percentile par nombre de réponses
Votre historique - résultats
Vous n’avez pas pris ce quiz